| 000 | 00482nam a2200157 i 4500 | ||
|---|---|---|---|
| 001 | 96269 | ||
| 003 | ES-MaACL | ||
| 005 | 20230906181859.0 | ||
| 007 | t| | ||
| 008 | 050614s1969 sp ||||1| spa d | ||
| 100 | 1 |
_aMagán Ortega, Julián. _975440 |
|
| 245 | 1 | 0 |
_aFísica y química _b: tercer curso del grado de aprendizaje industrial / _cJulián Magán Ortega. |
| 260 |
_aLeón : _bEverest, _c1969. |
||
| 300 |
_a204 p. : _bil. ; _c21 cm. |
||
| 852 |
_aES-MaACL _jC-48341 _bR.71245 |
||
| 999 |
_c96269 _d96269 |
||